[Event "XLII San Sebastian Open 2019"]
[Site "San Sebastian"]
[Date "2019.04.15"]
[Round "4.4"]
[White "Troffiguer, Olivier"]
[Black "Pulvett Marin, Daniel Eduardo"]
[Result "0-1"]
[WhiteElo "2081"]
[BlackElo "2468"]
[Annotator "TA"]
[PlyCount "70"]
[EventDate "2019.04.13"]
[EventType "swiss"]
[EventCountry "ESP"]
[SourceTitle "playchess.com"]
[Source "ChessBase"]
[SourceQuality "1"]

{[%evp 9,70,22,68,39,58,-26,-30,-18,-15,-33,-8,-43,-35,-36,-24,-29,-8,-50,-49,-59,0,-5,0,0,0,0,26,0,0,0,0,0,8,-40,-41,-86,-86,-98,-18,-189,-189,-189,-188,-204,-218,-334,-351,-366,-356,-356,-356,-341,-286,-356,-312,-506,-516,-1222,-1116,-29989,-29990,-29989,-893]} 1. d4 Nf6 2. Bf4 g6 3. Nc3 d5 4. Nf3 a6 (4... Bg7 5. e3 c6 6. h3 Bf5 7. Bd3 Bxd3 8. cxd3 Nbd7 9. e4 O-O 10. e5 Ne8 11. h4 c5 12. dxc5 Nxc5 13. d4 Ne4 {½-½ (42) Vitiugov,N (2720)-Saric,I (2690) Caleta 2019}) 5. Qd2 Bf5 6. h3 $146 {D00: 1 d4 d5: Unusual lines} ({Predecessor:} 6. O-O-O Nc6 7. h3 h5 8. Ng5 b5 9. f3 b4 10. Na4 Bg7 11. Nc5 Nd7 12. e4 Nxc5 13. dxc5 {1-0 (22) Aksoy,A (1696)-Kovan,N (1617) Kemer 2012}) 6... Nc6 7. g4 (7. Ne5 $14) 7... Ne4 $11 8. Nxe4 {Black has an edge.} Bxe4 9. Bg2 h5 10. c3 hxg4 11. hxg4 Rxh1+ 12. Bxh1 Qd7 13. O-O-O Qxg4 14. Bxc7 Qh5 ({Better is} 14... Nb4 $15 15. b3 (15. cxb4 $2 Rc8 $19) 15... Rc8) 15. Bf4 Nb4 {[%cal Rb4a2]} 16. b3 Rc8 17. Kb2 e6 18. Ne5 {And now Bxe4 would win.} Bxh1 19. cxb4 {Strongly threatening Rc1.} f6 $1 $36 {[%cal Rf6e5][%mdl 2048] Black has the initiative.} 20. Nd3 g5 21. Be3 Be4 22. Rc1 Rxc1 23. Nxc1 Kd7 {[#]} (23... b6 $17) 24. Nd3 $2 (24. b5 $1 $11 {[%mdl 512] and White stays safe.}) 24... Bxd3 $1 $19 25. Qxd3 Bxb4 26. f3 f5 27. Bd2 (27. Qc2 $142) 27... Bd6 28. e4 g4 29. exd5 exd5 30. fxg4 Qxg4 31. Bc3 Qg2+ 32. Ka1 $2 (32. Bd2 {was called for.} Qe4 33. Qe3) 32... Qe4 33. Qh3 (33. Qf1 $142 f4 34. Qf2) 33... Qc2 {[%cal Rc2c1]} 34. Qe3 Ba3 35. Qd2 {[#]} Bb2+ $1 {[%mdl 512] Accuracy: White = 30%, Black = 66%.} 0-1

[Event "XLII San Sebastian Open 2019"]
[Site "San Sebastian"]
[Date "2019.04.15"]
[Round "4.5"]
[White "Alonso Arburu, Juan Ignacio"]
[Black "Pastor Pons, Pedro Maria"]
[Result "1-0"]
[WhiteElo "2341"]
[BlackElo "2027"]
[Annotator "TA"]
[PlyCount "63"]
[EventDate "2019.04.13"]
[EventType "swiss"]
[EventCountry "ESP"]
[SourceTitle "playchess.com"]
[Source "ChessBase"]
[SourceQuality "1"]

{[%evp 9,63,35,62,46,70,39,27,34,103,0,4,0,0,0,0,-18,0,26,38,28,66,65,256,71,118,118,114,114,177,147,187,192,461,460,434,174,280,239,259,199,225,217,227,227,278,119,317,309,323,300,288,333,683,612,29990,29991]} 1. d4 g6 2. e4 Bg7 3. Nc3 d6 4. Bg5 h6 (4... c5 5. dxc5 Qa5 6. Qd2 Qxc5 7. Nd5 Be6 8. Be3 Qc8 9. Bd4 Kf8 10. Nf3 Bxd5 11. exd5 Bxd4 12. Nxd4 Nf6 13. c4 Qc5 14. Nb3 Qb6 {½-½ (66) Rublevsky,S (2652)-Morozevich,A (2656) Tula 2019}) 5. Bf4 c6 6. Qd2 {B06: Modern Defence} b5 $146 {[%cal Bb7b5,Bb5b4][%mdl 32]} ({Predecessor:} 6... Be6 7. Nf3 g5 8. Be3 Qa5 9. Bd3 Nf6 10. O-O Ng4 11. Nd1 Qc7 12. h3 {½-½ (28) Sarink,H (2249)-Fuzishawa,R (2402) ICCF email 2004}) 7. h3 Nd7 8. Nf3 {White has an edge.} Nb6 (8... Bb7 $14) 9. O-O-O ({White should try} 9. Bd3 $16) 9... b4 $11 10. Ne2 a5 11. Ng3 Be6 12. Kb1 Nf6 13. Bd3 d5 14. Rhe1 $36 {[%mdl 2048] White has the initiative.} g5 15. Be5 O-O $2 (15... Kf8 $14) 16. Nf5 $2 (16. Nxg5 $1 $18 {is the precise move to win. And now exd5 would win.} hxg5 17. Qxg5) 16... dxe4 17. Nxg7 Kxg7 18. Bxe4 Nc4 19. Qc1 $1 {Hoping for Nxg5!} Bd5 20. Nxg5 Nxe5 $2 (20... Rh8) 21. dxe5 $18 Nxe4 22. Nxe4 (22. Rxe4 $142 e6 23. Rg4 hxg5 24. Rxg5+ Kh6 25. h4) 22... Qc8 (22... Qb6 {might work better.} 23. Rd3 (23. Qf4 Rad8 $16) 23... Rg8) 23. Nc5 Qf5 24. Qe3 a4 25. g4 Qg6 26. f4 {[%cal Bf2f4,Bf4f5][%mdl 32]} e6 {[#]} 27. Qd3 (27. f5 $1 $18 {[%mdl 512] and White stays clearly on top.} Qg5 (27... exf5 28. gxf5) 28. a3) 27... Ra5 $2 {[#]} (27... Qxd3 $16 {was necessary.} 28. Rxd3 (28. Nxd3 b3 $16) 28... Rfb8) 28. f5 $1 {[%cal Rf5g6]} Qg5 29. Qd4 Rb8 30. Qf2 Rbb5 $2 (30... Kh8 31. Nd7 Rba8) 31. fxe6 fxe6 32. Rxd5 {Precision: White = 49%, Black = 27%.} 1-0

[Event "XLII San Sebastian Open 2019"]
[Site "San Sebastian"]
[Date "2019.04.15"]
[Round "4.6"]
[White "Corral Sierra, Javier"]
[Black "Prieto Aranguren, Alain"]
[Result "0-1"]
[WhiteElo "2058"]
[BlackElo "2257"]
[Annotator "TA"]
[PlyCount "65"]
[EventDate "2019.04.13"]
[EventType "swiss"]
[EventCountry "ESP"]
[SourceTitle "playchess.com"]
[Source "ChessBase"]
[SourceQuality "1"]

{[%evp 19,65,0,0,0,15,0,18,0,0,3,3,0,2,5,71,18,10,0,63,-20,-10,-20,0,-11,-11,-17,0,-45,-37,-49,-50,-83,-23,-17,-16,-14,-11,-25,-16,-20,20,-20,-19,-24,-3,-25,13,0]} 1. c4 e5 2. g3 g6 3. Bg2 Bg7 4. Nc3 Nf6 5. Nf3 d6 6. O-O O-O 7. d3 Re8 8. Rb1 c6 9. b4 d5 10. cxd5 {A24: English Opening vs King's Indian: Lines without ...Nc6} (10. b5 d4 11. Na4 Qc7 12. e3 cxb5 13. Rxb5 dxe3 14. Bxe3 Bd7 15. Rb1 Bc6 16. Nc3 a6 17. Qb3 Nbd7 {1-0 (47) Spoelman,W (2583)-Socko,B (2617) Germany 2015}) 10... cxd5 {LiveBook: 5 Games} 11. Bg5 h6 12. Bxf6 Bxf6 13. e4 dxe4 14. dxe4 Be6 15. Nd5 $146 ({Predecessor:} 15. Qe2 Nc6 16. Rfd1 Qe7 17. Nd5 Bxd5 18. Rxd5 {½-½ (50) Berglind,A (2078)-Bit Narva,D (2036) Uppsala 2015}) 15... Bg7 16. Rc1 {Black should prevent Nc7.} Na6 (16... Nc6 $11) 17. a3 (17. b5 $16 Bxd5 18. exd5 (18. Qxd5 Qxd5 19. exd5 Nb4 $11)) 17... Rc8 18. Nd2 Nc7 (18... Qd7 $11) 19. Nc4 ({Better is} 19. Qa4 $1 $14 Bd7 20. Qxa7) 19... Nb5 $11 20. Qd3 Qd7 21. Rfe1 Nd4 22. Nce3 Rc6 23. Rc4 Rec8 24. Rec1 Kh7 25. h4 b5 ({Black should try} 25... Kh8 $17) 26. Rxc6 Rxc6 27. Rxc6 Qxc6 28. Qb1 Bf8 29. Kh2 a5 30. Qb2 axb4 31. axb4 Bd6 32. Bf1 f5 33. Bh3 {[%mdl 32768] Accuracy: White = 16%, Black = 41%. . Loss on time!?} 0-1

[Event "XLII San Sebastian Open 2019"]
[Site "San Sebastian"]
[Date "2019.04.15"]
[Round "4.7"]
[White "Uriarte Prieto, Goio"]
[Black "Russell, Christopher"]
[Result "0-1"]
[WhiteElo "1925"]
[BlackElo "2178"]
[Annotator "TA"]
[PlyCount "110"]
[EventDate "2019.04.13"]
[EventType "swiss"]
[EventCountry "ESP"]
[SourceTitle "playchess.com"]
[Source "ChessBase"]
[SourceQuality "1"]

{[%evp 19,110,0,10,-42,-14,-31,-8,-7,0,-2,-5,-13,-7,-28,1,0,0,0,0,-9,0,-8,0,-8,0,-6,0,-4,2,-116,-119,-119,-127,-112,-112,-116,-116,-132,-66,-133,-127,-219,-141,-270,-275,-275,-275,-269,-268,-257,-264,-331,-330,-325,-331,-446,-489,-497,-504,-492,-455,-446,-446,-550,-550,-611,-587,-610,-593,-543,-495,-540,-486,-485,-472,-490,-466,-1003,-998,-952,-941,-1584,-1475,-1783,-1689,-1510,-1276,-5763,-2479,-5763,-5756,-5106,-4134]} 1. d4 e6 2. c4 Nf6 3. g3 d5 4. Bg2 Be7 5. Nf3 O-O 6. O-O dxc4 7. Qa4 a6 8. Qxc4 b5 9. Qc2 Bb7 10. Bf4 Nc6 11. Be5 {E05: Open Catalan: 5 Nf3 Be7} ({White should play} 11. Qd2 $11) (11. Rd1 Rc8 12. a3 Na5 13. Nc3 Nd5 14. b4 Nc4 15. Ne5 Nxe5 16. Bxe5 Nxc3 17. Bxb7 Nxd1 18. Rxd1 Qd7 19. Rc1 {1-0 (115) Meier,G (2628)-Dominguez Perez,L (2739) chess.com INT 2018}) 11... Nb4 $146 ({Predecessor:} 11... Nxe5 12. dxe5 Nd5 13. a3 c5 14. Rd1 Qc7 15. Nbd2 Rad8 16. b3 Nb6 17. a4 Nd5 18. axb5 axb5 {0-1 (43) Salcedo Mederos,P (2355)-Horvat,M (2180) ICCF email 1999}) 12. Qd1 c5 13. a3 {The position is equal.} Nbd5 14. dxc5 Bxc5 15. Nbd2 Rc8 16. Rc1 Nb6 17. b4 Be7 18. Rxc8 Qxc8 19. Qb1 Qa8 20. Rc1 Rc8 21. Rc2 Nbd7 {[#] And now ...Rxc2 would win.} 22. Bb2 Rxc2 23. Qxc2 a5 $36 {[%mdl 2048] Black is more active.} 24. Qc7 {[#]} (24. bxa5 $11 {remains equal.} Qxa5 25. Nd4 Bxg2 26. Kxg2) 24... Nd5 $1 $17 {[%cal Rd5c7]} 25. Qc1 ({Don't go for} 25. Qxa5 $2 Ba6 $19) ({Not} 25. Qxd7 $2 Bc6 $19) 25... axb4 26. axb4 Bxb4 27. Nb3 h6 28. Nfd4 Qa2 (28... e5 $17 29. Nc2 Bf8) 29. Qa1 ({Better is} 29. Qc2 $15) 29... Qa4 30. e4 (30. Qd1 $17) 30... N5f6 31. Bf1 (31. Qf1 $17) 31... e5 $19 (31... Bxe4 32. Bxb5 Qxa1+ 33. Bxa1 $17) 32. Qxa4 bxa4 33. Nc2 Be7 ({Less strong is} 33... Bxe4 34. Nxb4 axb3 35. Bc4 $17) 34. Nd2 Nxe4 35. Nxe4 Bxe4 36. Na3 Nb6 37. Nc4 Nxc4 {Black is clearly winning.} 38. Bxc4 {[%mdl 4096] Endgame KBB-KBB} Bd6 39. Kf1 Kf8 40. Ke2 f6 41. f3 Bc6 42. h4 Ke7 43. g4 Kd7 44. Bc1 Kc7 45. g5 hxg5 46. hxg5 Kb6 47. Kf2 Ka5 48. g6 (48. gxf6 $142 gxf6 49. Be6) 48... Kb4 49. Be6 Kc3 50. Kg3 Kc2 51. Bh6 Bf8 52. Be3 a3 53. f4 Ba4 54. fxe5 fxe5 55. Bf5+ Kb2 {Accuracy: White = 22%, Black = 59%.} 0-1

[Event "XLII San Sebastian Open 2019"]
[Site "San Sebastian"]
[Date "2019.04.15"]
[Round "4.8"]
[White "Randazzo, Adrian"]
[Black "Manelidou, Maria"]
[Result "1/2-1/2"]
[WhiteElo "2248"]
[BlackElo "2072"]
[Annotator "TA"]
[PlyCount "168"]
[EventDate "2019.04.13"]
[EventType "swiss"]
[EventCountry "ESP"]
[SourceTitle "playchess.com"]
[Source "ChessBase"]
[SourceQuality "1"]

{[%evp 9,168,24,21,32,35,20,28,29,35,0,0,0,0,18,10,-39,-36,-42,-34,-39,27,16,32,12,104,9,19,-5,10,7,11,0,0,0,0,0,0,0,77,72,72,72,73,68,60,67,60,56,112,113,157,153,149,145,197,204,197,170,229,156,161,154,159,164,143,131,159,160,212,210,209,198,295,132,132,132,132,127,104,79,79,79,309,299,366,366,366,366,366,366,366,366,366,366,366,366,366,366,366,366,366,366,366,366,366,41,41,41,77,41,41,41,41,41,41,41,41,41,41,41,41,41,41,0,41,41,41,41,41,41,41,41,41,41,41,41,41,41,41,0,41,41,41,41,41,8,41,8,8,8,8,8,8,8,8,8,8,8,8,8,8]} 1. c4 Nf6 2. Nf3 g6 3. d4 Bg7 4. e3 O-O 5. Be2 d5 (5... d6 6. O-O Nbd7 7. Nc3 e5 8. Qc2 c6 9. b3 Re8 10. Ba3 exd4 11. Nxd4 Nc5 12. Rad1 Qe7 13. b4 Nce4 14. Bb2 Nxc3 15. Qxc3 d5 16. Nb3 Nh5 17. Nd4 Nf6 18. a3 {½-½ (32) Mamedyarov,S (2817)-Nepomniachtchi,I (2763) Wijk aan Zee 2019}) 6. cxd5 {E60: King's Indian: Unusual lines and Fianchetto Variation without Nc3} Nxd5 7. e4 Nf6 8. Nc3 {White has an edge.} c5 9. dxc5 Qxd1+ 10. Bxd1 Na6 11. O-O $146 ({Predecessor:} 11. e5 Ng4 12. Be2 Nb4 {½-½ (28) Coleman,M (1584)-Calvert,I (1999) IECC email 2005}) 11... Nxc5 12. Bc2 b6 13. e5 Ng4 14. Bg5 f6 (14... Bb7 $15) 15. exf6 $11 exf6 16. Bf4 Bb7 (16... Ne5 $11) 17. Nd4 (17. b4 $1 $16 {[%cal Rb4c5]} Na6 18. a3) 17... f5 18. Rad1 Rad8 19. Ndb5 Ba6 20. Bg5 Rxd1 21. Rxd1 Bxb5 22. Nxb5 Bxb2 23. Nxa7 h6 (23... Bf6 $11 {keeps the balance.} 24. Bxf6 Nxf6) 24. Bd8 $36 {[%mdl 2048] White is in control.} Re8 25. h3 Re2 26. hxg4 Rxc2 27. gxf5 gxf5 28. Bxb6 Ne4 (28... Na4 $14 29. Be3 Nc3 30. Rd8+ Kf7) 29. a4 {[%cal Ba2a4,Ba4a5][%mdl 32]} Nc3 30. Rd8+ Kf7 31. a5 Rc1+ (31... Ne2+ $16 32. Kf1 Bf6) 32. Kh2 $18 Ne4 33. g3 Be5 (33... Bf6 $142) 34. Rc8 Ra1 35. Nc6 Bd6 36. Nd8+ Ke7 37. Nb7 Be5 38. Rc2 $1 Kd7 (38... Ra3 $16 39. Kg2 Kf6 40. Rc6+ Ke7 41. Rxh6 Ra2) 39. Nc5+ Nxc5 40. Rxc5 {[%mdl 4096] Endgame KRB-KRB} Kd6 (40... Ke6 $142 41. Kg2 Bd6) 41. Rc4 (41. f4 $18 {is more deadly.} Bg7 42. Rxf5) 41... Kd5 $16 42. Rc8 f4 43. gxf4 Bxf4+ 44. Kg2 Ra3 45. Rf8 Ra4 $2 {[#]} (45... Bg5 $16 {is a better defense.}) 46. Rd8+ $1 $18 Kc6 47. Rd4 Rxd4 48. Bxd4 {KB-KB} Kb5 49. Bb6 Bd2 {[#]} 50. Kh3 $1 Ka6 51. Kg4 Kb5 52. f3 Ka6 53. Bc7 Kb5 54. Kh5 Ka6 55. Kh4 Kb5 56. Kg4 Ka6 57. Bf4 $2 ({Better is} 57. f4 $18) 57... Bxa5 $14 58. Bxh6 Bc7 59. Kf5 Kb7 60. Ke6 Kc6 61. Bg7 Bf4 $1 62. Be5 Bd2 63. Bd6 Bc1 64. Be7 Bd2 65. Ba3 Be3 66. Be7 Bc1 67. Bh4 {Be7 is the strong threat.} Bd2 68. Kf6 Kd7 69. Bg5 Bc3+ $1 70. Kf7 {Hoping for Be3.} Be5 71. Bf6 Bf4 72. Bd4 {And now Bb2 would win.} Bc1 73. Be5 Bd2 74. Bf6 Bc1 75. Kg6 Bf4 $1 76. Kf5 Bc1 77. Bg5 Ba3 78. Bf4 {Black must now prevent Kg6.} Ke7 {The position is equal.} 79. Kg6 Ke6 80. Bg3 {Threatens to win with f4.} Bc1 81. Bh4 {aiming for Bg3.} Bf4 82. Bg5 Bd6 83. Be3 {Strongly threatening f4.} Bg3 84. Kg5 Kf7 {Accuracy: White = 68%, Black = 62%.} 1/2-1/2

[Event "XLII San Sebastian Open 2019"]
[Site "San Sebastian"]
[Date "2019.04.15"]
[Round "4.9"]
[White "Unciti Juan, Javier"]
[Black "Perez Gonzalez, Jose Manuel"]
[Result "0-1"]
[WhiteElo "2000"]
[BlackElo "2231"]
[Annotator "TA"]
[PlyCount "136"]
[EventDate "2019.04.13"]
[EventType "swiss"]
[EventCountry "ESP"]
[SourceTitle "playchess.com"]
[Source "ChessBase"]
[SourceQuality "1"]

{[%evp 28,136,30,37,41,45,55,18,37,21,31,0,0,-106,0,0,0,0,0,0,12,12,10,0,16,0,25,0,12,14,22,0,5,0,22,22,22,22,31,0,0,0,0,0,0,-8,-8,-6,-8,0,0,-9,-8,-62,0,0,0,0,0,0,0,0,0,0,8,8,146,-639,-567,-433,-433,-802,-800,-800,-373,-800,-800,-800,-800,-800,-800,-800,-800,-783,0,0,0,-774,-767,-765,-755,-752,-744,-747,-744,-731,-711,-689,-579,-2138,-1238,-5457,-5073,-5077,-4134,-29985,-29986,-29986,-29987,-29987,-29988]} 1. Nf3 g6 2. g3 Bg7 3. Bg2 Nf6 4. O-O O-O 5. c4 d6 6. d4 Nc6 7. Nc3 a6 8. e4 Bg4 9. h3 Bxf3 10. Bxf3 Nd7 11. Be3 e5 12. d5 Nd4 13. Bg2 c5 14. dxc6 {E63: King's Indian: Fianchetto: Panno Variation with 7...a6} bxc6 15. f4 {LiveBook: 4 Games} (15. b4 Qe7 16. Qd3 Rfb8 17. Rab1 Qe6 18. Rfc1 Rb7 19. Ne2 Rab8 20. a3 a5 21. Bd2 Nc5 {1-0 (59) Grachev,B (2675)-Can,E (2524) Yerevan 2014}) 15... Rb8 16. b3 {White is slightly better.} f5 17. Rc1 $146 ({Predecessor:} 17. fxe5 dxe5 18. exf5 gxf5 19. Bxd4 exd4 20. Ne2 d3 21. Qxd3 Bxa1 22. Rxa1 Qb6+ 23. Kh2 Rbe8 24. Nf4 Ne5 25. Qd6 Qf2 26. Rf1 Nf3+ 27. Kh1 Re1 28. Qd3 Qg1+ {0-1 (28) Thomann,R (2053)-Adzic,S (2098) Lenzerheide 2018}) 17... Qc7 18. Ne2 c5 19. Nc3 Nf6 20. g4 (20. fxe5 $11 dxe5 21. exf5) 20... Nxe4 (20... fxg4 $17 {...exf4 is the strong threat.} 21. fxe5 gxh3 22. exf6 hxg2 23. Kxg2 Rxf6 24. Rxf6 Bxf6) 21. Nxe4 $11 fxe4 22. Bxe4 exf4 23. Bxf4 Rbe8 24. Qd3 $1 Kh8 {[#] And now ...Rxf4! would win.} 25. Rce1 Be5 26. Bh6 Bg7 27. Bf4 Qd8 28. Kg2 Re6 29. Bg3 Rxf1 30. Qxf1 Qe7 31. Bd5 Rxe1 32. Qxe1 Be5 33. Qf2 Bxg3 34. Kxg3 Kg7 35. Kg2 g5 36. Kf1 Qf6 37. Kg2 Qxf2+ 38. Kxf2 {[%mdl 4096] Endgame KB-KN} Kf6 39. Ke3 Ke5 40. Bf7 ({Better is} 40. Be4 $11) 40... Nc2+ ({Black should try} 40... a5 $15) 41. Kd2 Nb4 42. a3 Nc6 43. Be8 Nd4 44. b4 $1 cxb4 45. axb4 d5 46. c5 a5 (46... Nf3+ $11 {remains equal.} 47. Kc3 d4+ 48. Kc4 Ng1) 47. b5 $2 {[%mdl 8192] [#]} (47. bxa5 $16 Nb3+ 48. Kc3 Nxc5 49. Kb4) 47... Nb3+ $19 48. Kc3 Nxc5 49. b6 (49. Bf7 $142 Ke4 50. Bg8) 49... Kd6 50. Kd4 Ne6+ (50... h6 $142 51. Bf7 Kc6 52. Bxd5+ Kxb6) 51. Ke3 $2 (51. Kd3 Nf4+ 52. Kd4) 51... Nd8 52. Kd4 Nc6+ 53. Kd3 Kc5 54. b7 Nb8 55. Ba4 Kb4 56. Be8 {intending Kd4.} Kc5 57. Ba4 $1 Na6 58. Bb3 Kc6 59. Kd4 Kxb7 60. Bxd5+ Kb6 61. Bb3 Nc5 62. Bc2 h6 63. Ke5 Kb5 64. Kf6 Kb4 65. Kg6 Kc3 66. Ba4 Nxa4 {Black mates.} 67. Kxh6 Nc5 68. Kxg5 a4 {Precision: White = 35%, Black = 57%.} 0-1

[Event "XLII San Sebastian Open 2019"]
[Site "San Sebastian"]
[Date "2019.04.15"]
[Round "4.10"]
[White "Safranska, Anda"]
[Black "Arana Garate, Jon"]
[Result "1-0"]
[WhiteElo "2167"]
[BlackElo "1944"]
[Annotator "TA"]
[PlyCount "75"]
[EventDate "2019.04.13"]
[EventType "swiss"]
[EventCountry "ESP"]
[SourceTitle "playchess.com"]
[Source "ChessBase"]
[SourceQuality "1"]

{[%evp 12,75,8,4,0,-41,-32,-41,-27,-39,-27,-44,-34,-55,-18,-6,0,-20,-3,-4,40,25,60,57,104,92,114,55,55,54,69,59,90,97,102,93,123,101,98,29,90,100,100,79,235,164,264,-141,214,190,210,200,200,206,310,255,334,320,395,387,785,739,810,761,29991,1313]} 1. Nf3 Nf6 2. g3 d5 3. d3 c6 4. Bg2 Nbd7 5. Nbd2 e5 6. e4 Bc5 7. O-O O-O {A00: Irregular Openings} 8. Nh4 Re8 9. Re1 $146 ({Predecessor:} 9. Nb3 Bf8 10. Nf5 Nb6 11. Qf3 Bxf5 12. Qxf5 dxe4 13. dxe4 Nc4 14. Qf3 Qe7 15. Qe2 {½-½ (78) Weinzettl,E (2402)-Burmakin,V (2567) Oberwart 2000}) 9... Nf8 {Black is slightly better.} 10. h3 Bd7 11. Nb3 Bb6 12. Qe2 dxe4 13. dxe4 h6 14. a4 Qc8 15. a5 Bd8 16. Kh2 g5 17. Nf3 Bc7 18. Nc5 Ne6 19. Nxd7 (19. Nd3 $1 $16) 19... Qxd7 $14 20. Kg1 Kg7 21. Bd2 Nd4 22. Nxd4 exd4 23. Qd3 Rad8 24. b4 {[%cal Bb2b4,Bb4b5][%mdl 32]} Qe6 25. Kh1 (25. f4 $16) 25... Nd7 (25... g4 $11) 26. f4 $16 gxf4 27. gxf4 c5 $2 (27... Ne5 $16 {was necessary.} 28. Qg3+ (28. fxe5 Qxe5 29. Kg1 Qh2+ 30. Kf2 Re6 $11) 28... Ng6) 28. b5 Rg8 (28... Ne5 {was called for.} 29. Qg3+ (29. fxe5 Qxe5 30. Kg1 Re6 $11) 29... Ng6) 29. c4 $2 {[#]} ({White must play} 29. e5 $18) 29... Qg6 $2 {[%mdl 8192]} (29... Ne5 $1 $17 {[%cal Re5d3][%mdl 512] and life is bright.} 30. Qa3 (30. fxe5 Qxe5) 30... Kh8) 30. Rg1 $36 {[%mdl 2048] White is in control.} Kh8 31. Bf3 Qe6 {[%cal Re6h3]} 32. Bg4 Qe7 (32... Rxg4 {was worth a try.} 33. hxg4 Nf6) 33. Qf3 Rg7 34. Bf5 Rxg1+ 35. Rxg1 Nf6 $2 (35... Rg8 36. Rxg8+ Kxg8) 36. e5 $18 {[%mdl 64] Discovered Attack} Ng8 37. Qxb7 Bxa5 {[#]} 38. Qg2 {Accuracy: White = 42%, Black = 17%.} (38. Rxg8+ $142 $1 {[%mdl 512]} Kxg8 (38... Rxg8 39. Qxe7) 39. Qxe7 Bc7 40. Qxc7 Rf8 41. e6 Kg7 42. Qe5+ Kg8 43. Qf6 a6 44. Qxh6 Re8 45. Qh7+ {[%mdl 64] Double Attack} Kf8 46. Qxf7#) 1-0

[Event "XLII San Sebastian Open 2019"]
[Site "San Sebastian"]
[Date "2019.04.15"]
[Round "4.11"]
[White "Lopez Mijail, Nicolas"]
[Black "Alfaro Garcia del Cerro, Juan L"]
[Result "0-1"]
[WhiteElo "1980"]
[BlackElo "2151"]
[Annotator "TA"]
[PlyCount "92"]
[EventDate "2019.04.13"]
[EventType "swiss"]
[EventCountry "ESP"]
[SourceTitle "playchess.com"]
[Source "ChessBase"]
[SourceQuality "1"]

{[%evp 18,92,25,0,0,18,42,43,37,0,-11,-26,0,-40,0,0,0,-25,-14,-13,-19,-25,-4,-11,-11,-9,20,-18,39,0,8,0,0,0,0,-8,-15,-28,0,-83,-54,-77,-79,-79,-81,-80,-62,-145,-143,-139,-140,-141,-150,-141,-143,-129,-52,-149,-124,-445,-381,-540,-570,-1288,-1284,-1218,-1218,-29970,-29973,-29972,-29973,-29980,-29981,-29980,-29981,-29982,-29967]} 1. e4 c5 2. Nf3 d6 3. d4 cxd4 4. Nxd4 Nf6 5. Nc3 a6 6. Be3 e5 7. Nb3 Be6 8. f3 h5 9. Qd2 Nbd7 10. O-O-O b5 {B90: Sicilian Najdorf: Unusual White 6th moves, 6 Be3 Ng4 and 6 Be3 e5} 11. Nd5 (11. Kb1 Rc8 12. g3 Be7 13. Nd5 Nxd5 14. exd5 Bf5 15. Bd3 Bxd3 16. Qxd3 O-O 17. Rhg1 f5 18. h3 {1-0 (47) Aronian,L (2767)-Vachier Lagrave,M (2779) Saint Louis 2018}) 11... Bxd5 12. exd5 Nb6 {White is slightly better.} 13. Bxb6 Qxb6 14. Na5 g6 15. Qc3 $146 ({Predecessor:} 15. Kb1 Rc8 16. Qb4 Qc7 17. c4 Bh6 18. Nc6 bxc4 19. Bxc4 {0-1 (41) Ponkshe,S (1807)-Shyam,N (2385) New Delhi 2010}) 15... Bg7 16. Qc6+ Qxc6 17. Nxc6 (17. dxc6 {looks sharper.} Ke7 18. Kb1 d5 19. Bd3 d4 20. Rhe1) 17... O-O 18. c4 bxc4 19. Bxc4 e4 20. fxe4 Nxe4 {Hoping for ...Nf2.} 21. Rhf1 Rfe8 22. Kc2 Nf6 ({Black should play} 22... a5 $11) 23. h3 Nd7 24. Rde1 Ne5 25. b3 f5 26. Rf2 Bf6 27. Rfe2 Kg7 (27... Bh4 $5 {[%cal Rh4e1]} 28. Rd1 Nxc4 29. Rxe8+ Rxe8 30. bxc4 Bf2 $15) 28. g3 (28. Nxe5 $11 Bxe5 29. b4) 28... Rec8 29. Nxe5 Bxe5 ({Much weaker is} 29... dxe5 $6 30. g4 $1 $14 {[%mdl 512]}) 30. Rg2 a5 31. Kd3 Rab8 32. a3 {[#]} (32. Ke3 $15) 32... Rxb3+ $1 $17 {[%mdl 576] Decoy} 33. Bxb3 {Threatens to win with Rc2.} Rc3+ {[%mdl 64] Double Attack} 34. Ke2 {And now Rb1 would win.} Rxb3 {[%mdl 4096] Endgame KRR-KRB} 35. Rd1 Rxa3 36. Rd3 {[#]} Ra1 (36... Ra4 $1 $17 37. Rf2 Rb4) 37. Kf3 (37. g4 $1 $15) 37... a4 {[%cal Ba5a4,Ba4a3][%mdl 32] Strongly threatening ...a3.} 38. Rdd2 $2 {[%mdl 8192]} (38. Re2 $17) 38... a3 39. Rge2 (39. g4 $142 fxg4+ 40. hxg4) 39... Kf6 $19 40. Kg2 Rb1 41. Ra2 Rb2 42. Kf3 Rxa2 {Black mates.} 43. Rxa2 Bb2 44. h4 Ke5 45. Ke3 Kxd5 46. Kf4 Ke6 {Accuracy: White = 17%, Black = 58%.} 0-1